| Tag |
First Indicator |
Second Indicator |
Subfields |
| LEADER |
00000cam a2200000 4500 |
| 001 |
in00000210121 |
| 005 |
20151009063424.0 |
| 008 |
740411s1974 nyu b 00110 eng |
| 010 |
|
|
|a 74007228
|
| 020 |
|
|
|a 0393055205
|
| 035 |
|
|
|a (OCoLC)01235120
|
| 035 |
|
|
|9 AAY0139AM
|
| 040 |
|
|
|a DLC
|c DLC
|d TXA
|d UtOrBLW
|
| 043 |
|
|
|a n-us-ca
|
| 049 |
|
|
|a TXAM
|c [1372094]
|
| 050 |
0 |
0 |
|a JS451.C29
|b O74 1974
|
| 082 |
0 |
|
|a 320.9/794/9605
|
| 100 |
1 |
|
|a Lamb, Karl A.
|
| 245 |
1 |
0 |
|a As Orange goes ;
|b twelve California families and the future of American politics /
|c [by] Karl A. Lamb.
|
| 250 |
|
|
|a [1st ed.].
|
| 264 |
|
1 |
|a New York :
|b Norton,
|c [1974]
|
| 300 |
|
|
|a xiii, 322 pages ;
|c 22 cm.
|
| 336 |
|
|
|a text
|b txt
|2 rdacontent
|
| 337 |
|
|
|a unmediated
|b n
|2 rdamedia
|
| 338 |
|
|
|a volume
|b nc
|2 rdacarrier
|
| 504 |
|
|
|a Includes bibliographical references.
|
| 650 |
|
0 |
|a Political participation
|z California
|z Orange County.
|
| 651 |
|
0 |
|a Orange County (Calif.)
|x Politics and government.
|
| 651 |
|
0 |
|a Orange County (Calif.)
|x Social conditions.
|
| 999 |
|
|
|a MARS
|
| 999 |
f |
f |
|s e3c9ecfd-0341-3ca2-b055-cf914ea98806
|i 5717dc71-7763-34ee-a111-9bcd7a8bf004
|t 0
|
| 952 |
f |
f |
|p ric
|a Texas A&M University
|b Rellis Campus
|c Joint Library Facility
|d Remote Storage
|t 0
|e JS451.C29 O74 1974
|h Library of Congress classification
|i unmediated -- volume
|m A14803125539
|
| 998 |
f |
f |
|a JS451.C29 O74 1974
|t 0
|l Remote Storage
|